000 00650nam a2200229Ia 4500
003 GCL
008 140319s9999 xx 000 0 ara d
040 _aGCL /
_cGCL
082 0 4 _a646.74
_bك و
100 1 _aكندى, دنيز
245 1 0 _aوجهك وشعرك /
_cكندى, دنيز
700 1 _aلونغ، مارى
700 1 _aفريمان، جيل
300 _a71 ص
490 _aالهيئة العامة للاستعلامات
_v0
650 0 4 _aالجمال
650 0 4 _aالوجه البحرى
650 0 4 _aالشعر - رعاية وعلاج
650 0 4 _aالشعر, تصفيف
650 0 4 _aالوجه
942 _2ddc
_cBK
999 _c47835
_d47835